| 000 | 00728nam0a22002411 4500 | ||
|---|---|---|---|
| 001 | rc\19800 | ||
| 005 | 20250620120015.0 | ||
| 010 |
_a5-7698-0311-8 _920000 |
||
| 035 | _a(NLR Aleph) 005307238 | ||
| 090 |
_a6349475 _c6349475 |
||
| 100 | _a20021204d1992 |||y0rusy50 ca | ||
| 101 | 0 | _arus | |
| 102 | _aRU | ||
| 105 | _ay ||||||||| | ||
| 200 | 1 |
_aРабыня Изаура _e[Роман] _fБернардо Гимараэш _g[Пер. с португ. Д.Р. Коган] |
|
| 210 |
_aНукус _cБилим _d1992 |
||
| 215 |
_a171, [2] с. _d20 |
||
| 700 | 1 |
_aГимараэнс _bБ. _f1825-1884 _gБернардо |
|
| 801 | 0 |
_aRU _bNLR _gpsbo |
|
| 801 | 1 |
_aRU _bELAR _2rusmarc |
|
| 852 |
_aNLR _j92-3/3250 |
||
| 942 | _cBOOK | ||
| 980 | _aNB | ||